Highest Scoring NHL Players by Country - Statistics

General Stats
  • This quiz has been taken 75 times
  • The average score is 11 of 21
Answer Stats
Hint Answer % Correct
Canada Wayne Gretzky
99%
Russia Alexander Ovechkin
94%
Czech Republic Jaromír Jágr
93%
Finland Teemu Selänne
78%
Canada Gordie Howe
75%
United States Mike Modano
70%
Canada Mark Messier
69%
United States Brett Hull
60%
Sweden Mats Sundin
60%
Finland Jari Kurri
58%
Russia Sergei Fedorov
54%
Russia Evgeni Malkin
39%
Finland Saku Koivu
37%
Slovakia Peter Šťastný
36%
Sweden Daniel Alfredsson
34%
Slovakia Marián Hossa
34%
Sweden Nicklas Lidström
34%
Czech Republic Patrik Eliáš
31%
Czech Republic Milan Hejduk
18%
Slovakia Peter Bondra
16%
United States Phil Housley
13%
No matching quizzes found
Score Distribution
Percent of People with Each Score
Percentile by Number Answered
Your Score History
You have not taken this quiz